00446nam a2200193 a 4500001001300000003000900013005001700022008004100039020001000080082001300090100001600103245001100119260003500130300000800165500003500173505001000208650001800218700001600236nice12345678IN_TiNIC20260116011402.0050524s1962 laha grp 000 0 urd  ac10000a244bROC aRockey, C D aWayeda aLahorebMethodist Churchc1962 a72p aincludes index and biblioraphy2 aIndex aBible Stories1 aRockey, C D